000 00828pam a2200277 a 4500
999 _c533046
_d533046
001 970591
003 NUST
005 20191211113239.0
008 850913s1985 nyua b 001 0 eng
010 _a 85020745
020 _a0824773403
038 _aMSOHAIL
040 _aDLC
_cDLC
_dDLC
050 0 0 _aQA279
_b.P48 1985
082 0 0 _a001.434
_219
100 1 _aPetersen, Roger G.,
_d1924-
_926738
245 1 0 _aDesign and analysis of experiments /
_cRoger G. Petersen.
260 _aNew York :
_bM. Dekker,
_cc1985.
300 _axii, 429 p. :
_bill. ;
_c24 cm.
440 0 _aStatistics, textbooks and monographs ;
_vv. 66
_926739
500 _aIncludes indexes.
504 _aBibliography: p. 401.
650 0 _aExperimental design.
_910527
906 _a7
_bcbc
_corignew
_d1
_eocip
_f19
_gy-gencatlg
942 _2ddc
_cBK